000 005090000a22001930004500
999 _c47603
_d47603
001 358
003 CO-MdFUSB
005 20180409160556.0
008 180409b xxu||||| |||| 00| 0 eng d
020 _a84-236-2663-6
040 _cCO-MdBIC
082 0 4 _a863C W34m
100 1 _aWatts, Barrie
245 1 0 _aLa mariposa y la oruga / Barrie Watts
260 _aBarcelona : Edebé
300 _a25 P.
500 _aExtraordinarias fotografias en color que muestran el desarrollo de la oruga
942 _cLGB